Socializacin̤ polt̕ica y configuracin̤ de subjetividades

Bibliographic Details
Main Author: Alvarado, Sara Victoria
Other Authors: Ospina, Hčtor Fabio
Format: eBook
Language:Spanish
Published: Colombia: Siglo del Hombre Editores, 2014
Subjects:
Online Access:Acceso restringido

MARC

LEADER 00000nam a22000007a 4500
005 20210420224456.0
007 cr|||| ||||
008 210420s2014 co |||||s|||| 00||0 spa d
020 |a 978-958-665-304-6 
035 |a 33207 
040 |a vLex 
090 |c 11485  |d 11485 
100 1 |a Alvarado, Sara Victoria 
245 1 0 |a Socializacin̤ polt̕ica y configuracin̤ de subjetividades  |h [Recurso electrn̤ico] /  |c Sara Victoria Alvarado, Hčtor Fabio Ospina 
256 |a Servicio en ln̕ea 
260 |a Colombia:  |b Siglo del Hombre Editores,  |c 2014 
300 |a 1 recurso electrn̤ico 
506 1 |a Disponible solo en los productos indicados  |d vLex Global  |d vLex Global (Academic Edition, excluding Law Schools)  |d vLex Global (U.S. Academic Edition, Law Schools)  |d vLex Global (U.S. Academic Edition, excluding Law Schools)  |d vLex Global (Academic Edition, Law Schools) 
650 0 4 |a Educacin̤  |z Colombia 
650 0 4 |a Sociologa̕  |z Colombia 
650 0 4 |a Ciencia polt̕ica  |z Colombia 
650 0 4 |a Educacin̤  |z Colombia 
700 1 |a Ospina, Hčtor Fabio 
740 0 |a vLex Libros (Servicio en ln̕ea) 
856 4 0 |u https://vlex.com/source/socializacion-politica-y-configuracion-de-subjetividades-33207  |z Acceso restringido 
942 |c BOOK 
999 0 |a Education 
999 0 |a Sociology 
999 0 |a Political science 
999 0 |a Education